000 00439nam a22001697a 4500
005 20180201113535.0
008 160523b xxu||||| |||| 00| 0 eng d
020 _a9812-53-082-7
041 _aeng
082 _b4463
_a004
100 _aTurben,Mc lean.and Wetherbe
_94035
245 _aInformation Technology for Mgt
260 _aNew Delhi
_bAcademic Faundation
300 _a773
650 _aInformation Technology
_9137
942 _cBK
999 _c1494
_d1494